100 Digits of Pi - Statistics

General Stats
  • This quiz has been taken 511 times
  • The average score is 52 of 100
Answer Stats
Digits of Pi % Correct
3
100%
1
99%
4
99%
1
97%
5
97%
9
94%
2
92%
6
91%
5
89%
3
87%
5
85%
8
83%
9
81%
7
80%
9
78%
2
77%
3
77%
3
76%
8
76%
4
75%
6
74%
2
73%
4
71%
6
71%
3
70%
3
68%
8
67%
2
66%
3
66%
7
65%
9
64%
5
62%
0
61%
2
61%
8
60%
1
59%
4
59%
8
59%
7
58%
9
58%
1
57%
6
55%
3
54%
9
54%
9
53%
1
51%
3
51%
7
51%
9
51%
5
50%
0
49%
5
48%
8
48%
2
47%
0
46%
9
46%
7
45%
4
44%
4
43%
9
43%
5
42%
2
41%
3
41%
4
41%
9
41%
0
40%
7
37%
8
37%
1
36%
6
35%
0
34%
4
34%
2
33%
6
33%
8
33%
2
30%
6
30%
0
29%
8
29%
8
28%
9
28%
2
27%
6
27%
9
27%
0
26%
3
26%
4
26%
8
26%
2
25%
8
25%
5
24%
1
23%
1
23%
2
23%
3
23%
4
23%
0
22%
6
22%
7
22%
7
22%
No matching quizzes found
Score Distribution
Percent of People with Each Score
Percentile by Number Answered
Your Score History
You have not taken this quiz